MESTSKÁ KNIŽNICA GIRALTOVCE  - online katalóg 

Michelangelo Antonioni (Record no. 14929)

000 -NÁVESTIE
fixed length control field 00620nam a2200205 a 4500
008 - ÚDAJE S PEVNOU DĹŽKOU – VŠEOBECNÉ INFORMÁCIE
fixed length control field 960124s1965||||[C 0 slo c
040 ## - ZDROJ KATALOGIZÁCIE
Pôvodná katalogizujúca agentúra SNK
Jazyk katalogizácie slo
Prepisujúca agentúra SNK
Konvencie popisu AACR2
041 1# - KÓD JAZYKA
Kód jazyka textu/zvukovej stopy alebo samostatných nápisov slo
044 ## - KÓD KRAJINY VYDAVATEĽA/PRODUCENTA
Kód krajiny MARC xo
Kód krajiny ISO SK
080 ## - ČÍSLO MEDZINÁRODNÉHO DESATINNÉHO TRIEDENIA (MDT)
Číslo Medzinárodného desatinného triedenia (MDT) 92 Antoninoni, Michelangelo:778.5(45)(091)
020 ## - MEDZINÁRODNÉ ŠTANDARDNÉ ČÍSLO KNIHY (ISBN)
Údaje o dostupnosti 16,50
100 1# - OSOBNÉ MENÁ – VŠEOBECNÉ INFORMÁCIE
Osobné meno Leprohon, Pierre
Kód roly aut
245 10 - NÁZOV
Názov Michelangelo Antonioni
Údaj o zodpovednosti atď. Pierre Leprohon ; Prel. Agneša Kalinová
250 ## - ÚDAJ O PORADÍ VYDANIA
Údaj o poradí vydania 1. vyd.
260 ## - VYDAVATEĽSKÉ ÚDAJE, DISTRIBÚCIA ATĎ.
Miesto publikovania, distribúcie atď. Bratislava
Názov vydavateľa, distibútora atď. SVKL
Dátum publikovania, distribúcie atď. 1965
Miesto výroby Martin
Výrobca Tlač. SNP
300 ## - FYZICKÝ POPIS
Rozsah 227, [4] s.
Rozmery
490 0# - EDÍCIA
Edícia Knižnice estetického vzdelania
Zväzok/sekvenčné označenie zv. 19
700 1# - PRIDANÝ VSTUP – OSOBNÉ MENO
Osobné meno Kalinová, Agneša
Kód roly trl
958 ## - Formálny deskriptor
Formálny deskriptor A
Holdings
Stav stiahnutia (Blokovanie) (Withrawn status) Stav straty Stav poškodenia (Damaged status) Nie pre výpožičky (Not for loan) Spôsob nadobudnutia (Collection code) Trvalé umiestnenie Aktuálne umiestnenie Dátum nadobudnutia Náklady, bežná kúpna cena Inventárne číslo (prírastkové číslo) Full call number Dátum posledného výskytu Cena s účinnosťou od Typ jednotky Koha
        Kúpa Mestská knižnica Giraltovce Mestská knižnica Giraltovce 2019-11-29 16.50 13970 I 0069 2019-11-29 2019-11-29 Odborná literatúra pre dospelých

Powered by Koha